000 00346nam a2200145Ia 4500
008 150201s2004 xx 000 0 und d
082 _a618
_bU04D
100 _aDATTA, D.K.
245 _aUPDATE IN CONTRAECPTION
250 _a1ST
260 _bJAYPEE BROTHERS
_aDELHI
_c2004
300 _a1-70
650 _aOBST & GYNAECOLOGY
942 _2ddc
_cBK
_01
999 _c179
_d179